=LDR 00000nam 2200000 4500 =001 INLIS000000000011650 =005 20130612103209 =008 ***********************************Ind** =035 ##$$0010-061300000011650 =041 ##$$a Ind =082 ##$$a 720 =090 ##$$a 720, Sut b =100 ##$$a Satrisno I.A.I =245 ##$$a Bentuk Struktur Bangunan dalam arsitektur Modern, Ir.Ars R.Sutirsno I.A.I =260 ##$$a 1983 $b Jakarta =300 ##$$a xi, 274 hlm., ilus, 30 cm =650 ##$$a Arsitektur =850 ##$$a NBPNMAT